| 000 | 01384cam a22003254a 4500 | ||
|---|---|---|---|
| 999 |
_c17269 _d17269 |
||
| 008 | 040225s2005 maua b 001 0 eng | ||
| 020 | _a0072862947 (softcover : alk. paper) | ||
| 050 | 0 | 0 |
_aR118 _b.D87 2005 |
| 100 | 1 | _aDuPré, Athena. | |
| 245 | 1 | 0 |
_aCommunicating about health : _bcurrent issues and perspectives / _cAthena du Pré. |
| 250 | _a2nd ed. | ||
| 260 |
_aBoston : _bMcGraw-Hill, _cc2005. |
||
| 300 |
_axxvii, 390, [78] p. : _bill. ; _c23 cm. |
||
| 504 | _aIncludes bibliographical references and indexes. | ||
| 650 | 0 | _aCommunication in medicine. | |
| 650 | 0 | _aMedical personnel and patient. | |
| 650 | 0 | _aHealth education. | |
| 650 | 0 | _aHealth promotion. | |
| 942 |
_2lcc _cBOOKS _hHQ 769.9 .C45 1990 |
||